Score 0/20 Timer 06:00
0 Plays Today
Countries. % Correct
USA
85.6%
Indonesia
79%
Australia
69.8%
Thailand
60.1%
New Zealand
59.2%
Malaysia
55.7%
Fiji
44.5%
Samoa
37.6%
Tonga
35.6%
Solomon Islands
35.1%
Countries. % Correct
Micronesia
34.2%
Vanuatu
33.9%
Marshall Islands
33%
Tuvalu
32.2%
Maldives
31.9%
Seychelles
23.9%
Mauritius
19.3%
Hawaii
17.2%
Tahiti
8%
French Polynesia
7.8%
Come Together.
Have Fun.
All Virtual.
We all need to come together. Play Sporcle's virtual live trivia to have fun, connect with people, and get your trivia on. Join a live hosted trivia game for your favorite pub trivia experience done virtually. If a virtual private party is more your thing, go here for details.

You're not logged in!

Compare scores with friends on all Sporcle quizzes.
OR
Log In

Sporcle TV

Today on Sporcle TV


Watch our educational content, quiz creation guides, and fun videos on Sporcle TV.

Show Comments

Extras

Created Feb 18, 2011ReportNominate
Tags:Country Quiz, tsunami, Warning

Top Quizzes Today


Score Distribution

Paid Content

Your Account Isn't Verified!

In order to create a playlist on Sporcle, you need to verify the email address you used during registration. Go to your Sporcle Settings to finish the process.

Report this User

Report this user for behavior that violates our Community Guidelines.

Details: